Plans for biodiversity and geological conservation (Record no. 74532)

MARC details
000 -LEADER
fixed length control field 01148cab a2200229 4500
001 - CONTROL NUMBER
control field WB4034-09
008 - FIXED-LENGTH DATA ELEMENTS--GENERAL INFORMATION
fixed length control field 040909n2004 000 0 eng u
035 ## - SYSTEM CONTROL NUMBER
System control number (Sirsi) u127302
245 ## - TITLE STATEMENT
Title Plans for biodiversity and geological conservation
260 ## - PUBLICATION, DISTRIBUTION, ETC.
Date of publication, distribution, etc. 2004
490 ## - SERIES STATEMENT
Series statement ODPM News Release
Volume/sequential designation (2004/0210) 8 September 2004 (2)
520 ## - SUMMARY, ETC.
Summary, etc. A new draft PPS9 "Biodiversity and geological conservation" has been launched. The planning policy statement and its accompanying draft circular are open for public consultation until 9 December 2004 and are available at: http://www.odpm.gov.uk/stellent/groups/odpm_planni ng/documents/page/odpm_plan_030964.hcsp. PPS9 sets out how local authorities can use the planning system to protect the natural heritage and deliver sustainable development. http://www.odpm.gov.uk/pns/DisplayPN.cgi?pn_id=200 4_0210
590 ## - LOCAL NOTE (RLIN)
Local note WB
650 ## - SUBJECT ADDED ENTRY--TOPICAL TERM
Topical term or geographic name entry element PLANNING PROCEDURE
650 ## - SUBJECT ADDED ENTRY--TOPICAL TERM
Topical term or geographic name entry element SUSTAINABLE DEVELOPMENT
650 ## - SUBJECT ADDED ENTRY--TOPICAL TERM
Topical term or geographic name entry element ENVIRONMENTAL MANAGEMENT
650 ## - SUBJECT ADDED ENTRY--TOPICAL TERM
Topical term or geographic name entry element BIODIVERSITY
650 ## - SUBJECT ADDED ENTRY--TOPICAL TERM
Topical term or geographic name entry element CONSERVATION
650 ## - SUBJECT ADDED ENTRY--TOPICAL TERM
Topical term or geographic name entry element PLANNING POLICY STATEMENT NINE
690 ## - LOCAL SUBJECT ADDED ENTRY--TOPICAL TERM (OCLC, RLIN)
Topical term or geographic name as entry element ENVIRONMENTAL AND LAND CONSULTANCY
942 ## - ADDED ENTRY ELEMENTS (KOHA)
Suppress in OPAC 0
Holdings
Withdrawn status Lost status Source of classification or shelving scheme Damaged status Not for loan Home library Current library Shelving location Date acquired Total Checkouts Full call number Barcode Date last seen Copy number Price effective from Koha item type
    Dewey Decimal Classification     London London News article 09/09/2004   WB4034-09 127302-1001 06/08/2019 1 06/08/2019 News article